SEXUALLY TRANSMITTED DISEASES (Record no. 216434)
[ view plain ]
| 000 -LEADER | |
|---|---|
| fixed length control field | 00480nam a22001577a 4500 |
| 008 - FIXED-LENGTH DATA ELEMENTS--GENERAL INFORMATION | |
| fixed length control field | 260108b |||||||| |||| 00| 0 eng d |
| 020 ## - INTERNATIONAL STANDARD BOOK NUMBER | |
| International Standard Book Number | 978-81-8448-954-5 |
| 100 ## - MAIN ENTRY--PERSONAL NAME | |
| Personal name | SEHGAL, VIRENDRA N. |
| 245 ## - TITLE STATEMENT | |
| Title | SEXUALLY TRANSMITTED DISEASES |
| Remainder of title | VENEREAL DISEASES |
| 250 ## - EDITION STATEMENT | |
| Edition statement | 5TH ED |
| 260 ## - PUBLICATION, DISTRIBUTION, ETC. | |
| Place of publication, distribution, etc. | NEW DELHI |
| Name of publisher, distributor, etc. | JAYPEE BROTHERS MEDICAL PUBLISHERS |
| Date of publication, distribution, etc. | 2010 |
| 300 ## - PHYSICAL DESCRIPTION | |
| Extent | 172P. |
| 650 ## - SUBJECT ADDED ENTRY | |
| Topical term or geographic name entry element | 1.SEXUALLY TRANSMITTED DISEASES 2. VENEREAL DISEASES |
| 942 ## - ADDED ENTRY ELEMENTS (KOHA) | |
| Source of classification or shelving scheme | Library of Congress Classification |
| Koha item type | Long Loan Book |
| Withdrawn status | Lost status | Source of classification or shelving scheme | Damaged status | Not for loan | Collection | Home library | Current library | Shelving location | Date acquired | Inventory number | Total checkouts | Full call number | Barcode | Date last seen | Copy number | Price effective from | Koha item type |
|---|---|---|---|---|---|---|---|---|---|---|---|---|---|---|---|---|---|
| Library of Congress Classification | Medicine | Kisii University Library | Kisii University Library | On Display | 01/08/2026 | 110795 | RC 200 .S44 2010 | 000000023593 | 01/08/2026 | C.1 | 01/08/2026 | Long Loan Book | |||||
| Library of Congress Classification | Medicine | Kisii University Library | Kisii University Library | On Display | 01/08/2026 | 110796 | RC 200 .S44 2010 | 000000023594 | 01/08/2026 | C.2 | 01/08/2026 | Long Loan Book | |||||
| Library of Congress Classification | Medicine | Kisii University Library | Kisii University Library | On Display | 01/08/2026 | 110797 | RC 200 .S44 2010 | 000000023595 | 01/08/2026 | C.3 | 01/08/2026 | Long Loan Book | |||||
| Library of Congress Classification | Medicine | Kisii University Library | Kisii University Library | On Display | 01/08/2026 | 110798 | RC 200 .S44 2010 | 000000023596 | 01/08/2026 | C.4 | 01/08/2026 | Long Loan Book |